Monde des Sonnensystems - Statistiken

Allgemein
  • Dieses Quiz wurde 211 mal gespielt
  • Das Durchschnittsergebnis liegt bei 8 aus 16
Antwortstatistiken
Monde % Korrekt
Mond
94%
Europa
85%
Io
83%
Titan
78%
Ganymed
76%
Phobos
61%
Deimos
58%
Triton
50%
Callisto
46%
Charon
41%
Titania
38%
Enceladus
25%
Ariel
23%
Dione
16%
Mimas
11%
Hyperion
10%
Keine übereinstimmenden Quizze gefunden
Verteilung der Resultate
Anzahl Personen mit jedem Resultat
Perzentil nach korrekt beantworteten Fragen
Ihre Resultats-Entwicklung
Sie haben dieses Quiz noch nicht gespielt